| 000 | 00833nam a22002057a 4500 | ||
|---|---|---|---|
| 999 |
_c3473 _d3473 |
||
| 003 | AR-CdUCM | ||
| 008 | 190306b ||||| |||| 00| 0 spa d | ||
| 040 |
_aMUNICIPALIDAD PROVINCIAL DEL CUSCO _cBIBLIOTECA MUNICIPAL DEL CUSCO |
||
| 082 |
_a869.56 / _bR25 |
||
| 100 |
_aHiggins, James _91610 |
||
| 245 |
_aCambio social y constantes humanas : _bLa narrativa corta de Ribeyro / |
||
| 260 |
_aLima : _bPontificia Universidad Católica del Perú, Fondo Editorial, _c1991. |
||
| 300 |
_a179 paginas ; _c20 cm. |
||
| 505 | _aContenido :Introducción --Una sociedad en vías de modernizarse --Cambio social y crisis de identidad -¿La misma historia de siempre? --Modelos del desencanto ... | ||
| 650 |
_aLiteratos peruanos _9808 |
||
| 650 |
_aCrítica _9666 |
||
| 650 |
_ainterpretación _9994 |
||
| 942 |
_2ddc _cLIBROS |
||
| 945 | _arjall | ||